Statystyki dla Wszystkie piosenki - Jan-Rapowanie

Kliknij tutaj aby rozwiązać quiz!

Ogólne statystyki

  • Ten quiz został rozwiązany 915 razy
    (239 od ostatniego zresetowania)
  • Średni wynik to 32 z 60

Statystyki odpowiedzi

HintOdpowiedź% Poprawnych
Buforb u f o r
84%
Plansze (z Nocny)Układanka (feat. Holak)
82%
Uśmiech (z Nocny)Bąbelek
78%
BuforTRYB SAMOLOTOWY
77%
Buforanioły (feat. Misia Furtak)
75%
Uśmiech (z Nocny)Dziewczyny z klasy
75%
Plansze (z Nocny)Wszystko OK
74%
Plansze (z Nocny)Chemia (Skit)
73%
Plansze (z Nocny)Wybory (feat. Szpaku & Guzior)
72%
Uśmiech (z Nocny)Pilot
66%
BuforŁAWKA Z CHŁOPAKAMI
65%
Plansze (z Nocny)012
64%
Uśmiech (z Nocny)Zapałki
64%
Plansze (z Nocny)Millenium sport
63%
Uśmiech (z Nocny)Thx
63%
Plansze (z Nocny)Jutro (feat. Solar)
62%
Uśmiech (z Nocny)CENTRALNY
60%
Plansze (z Nocny)Co tam (feat. Otsochodzi)
60%
BuforKlucze do Miasta (feat. Paluch & Sokół)
59%
Plansze (z Nocny)Zaczekaj przed drzwiami
59%
NOCNA ZMjANA (z Nocny)NOCNA ZMjANA
58%
Plansze (z Nocny)Ruchy
58%
NOCNA ZMjANA (z Nocny)Spacer (feat. Gedz)
57%
NOCNA ZMjANA (z Nocny)Stare czasy (uff)
57%
Uśmiech (z Nocny)GŁÓWNY (feat. DJ Kebs)
56%
Uśmiech (z Nocny)Co ja wiem? (feat. Vito Bambino)
55%
Plansze (z Nocny)Ludzie, zdarzenia
55%
NOCNA ZMjANA (z Nocny)Motyl
55%
Uśmiech (z Nocny)mY
54%
BuforParabolA
54%
Uśmiech (z Nocny)Gap Year
53%
BuforLAXJFK (feat. Kinny Zimmer)
53%
Uśmiech (z Nocny)Nie pomogę
53%
Plansze (z Nocny)Słowo na koniec
53%
Buforszkoda
53%
BuforSzymek Smorąg
53%
NOCNA ZMjANA (z Nocny)Głos
52%
Plansze (z Nocny)Potrzeby (feat. Kacperczyk)
52%
BuforBIZNES (feat. KęKę & Kaz Bałagane)
51%
Buforboje się
51%
BuforPOŻYJEMY ZOBACZYMY (feat. Falcon1)
50%
BuforDZISIAJ
49%
NOCNA ZMjANA (z Nocny)Tańczę
49%
Plansze (z Nocny)Szanse
47%
NOCNA ZMjANA (z Nocny)Niech to usłyszą (feat. Szpaku)
46%
Buformały Świat
45%
NOCNA ZMjANA (z Nocny)Miało się nie udać
45%
Uśmiech (z Nocny)Nikt mi nie kazał
45%
Buforspokójduchaimitacjązbroi
44%
BuforBRIEF
42%
BuforJESTEM STĄD
40%
NOCNA ZMjANA (z Nocny)Damy radę (feat. Smolasty)
38%
NOCNA ZMjANA (z Nocny)W szoku (feat. Białas)
36%
Notabene MixtapeNumer dla świń
33%
Notabene MixtapeLot
26%
Notabene MixtapeSprzedam bluzę
25%
Notabene Mixtape2.0
23%
Notabene MixtapeBalice
23%
Notabene Mixtape
4,6 ∞ (feat. Fonciak)
22%
Notabene MixtapeUmrę młodo
18%

Rozkład punktacji

Percentyl według liczby udzielonych odpowiedzi

Procent ludzi z każdym wynikiem

Twoja historia wyników

Nie rozwiązałeś tego quizu od ostatniego zresetowania